000 00468nam a2200181Ia 4500
003 GCL
008 140319s9999 xx 000 0 eng d
040 _aGCL /
_cGCL
082 0 4 _a279.4
_bV E
100 1 _aVEINUS, ROGER
245 1 0 _aEUROPE AND THE MYSTIQUE OF ISLAM /
_cVEINUS, ROGER
260 _a[S.N] :
_bUNIVERSITY OF WASHINGTON PRESS ،
_c1991
300 _a163 P
650 0 4 _aنجد
650 0 4 _aEUROPE
650 0 4 _aMYSTIQUE - ISLAM
942 _2ddc
_cBK
999 _c10818
_d10818